| 000 | 02140nam a2200565 i 4500 | ||
|---|---|---|---|
| 001 | 22253 | ||
| 003 | KOSZ 005 | ||
| 005 | 20210430083618.0 | ||
| 008 | 210428s1983 pl a f 001 0 pol | ||
| 015 | _aUWD 1983/5186 | ||
| 020 |
_a8320404282 _q(oprawa twarda) |
||
| 020 | _a8320404363 | ||
| 035 | _a991009954159705066 | ||
| 035 | _a(PL-WaBN)b12716959-48omnis_nlop | ||
| 035 | _ab12716959 | ||
| 035 | _a(OCoLC)751089630 | ||
| 035 | _a(PL)b0000001271695 | ||
| 035 | _a(EXLNZ-48OMNIS_NETWORK)9910122603605606 | ||
| 040 |
_aWA N _cWA N _dKOSZ 005/RW |
||
| 046 | _k1953 | ||
| 080 | _a621.316.9 | ||
| 080 | _a(07) | ||
| 100 | 1 |
_aSzpor, Stanisław _d(1908-1981) _eAutor |
|
| 245 | 1 | 0 |
_aOchrona odgromowa. _nT. 1, _pWiadomości podstawowe / _cStanisław Szpor, Jan Samuła ; [recenzent: prof. Tadeusz Stępniewski]. |
| 250 | _aWydanie 3 częściowo zmienione i uzupełnione. | ||
| 260 |
_aWarszawa : _bWydawnictwa Naukowo-Techniczne, _c1983. |
||
| 300 |
_a443, [1] strony, [12] stron tablic : _bfotografie, rysunki, wykresy, errata ; _c25 cm. |
||
| 336 |
_aTekst _btxt _2rdacontent |
||
| 337 |
_aBez urządzenia pośredniczącego _bn _2rdamedia |
||
| 338 |
_aWolumin _bnc _2rdacarrier |
||
| 380 | _aKsiążki | ||
| 380 | _aPublikacje fachowe | ||
| 380 | _aPublikacje dydaktyczne | ||
| 385 |
_mPoziom nauczania _aSzkoły wyższe |
||
| 388 | 1 | _a1901-2000 | |
| 388 | 1 | _a1945-1989 | |
| 504 | _aBibliografia na stronach 399-[439]. Indeks. | ||
| 521 | 8 | _aKsiążka jest przeznaczona dla inżynierów elektryków oraz dla studentów wydziałów elektrycznych wyższych szkół technicznych. | |
| 650 | 7 |
_aInstalacja odgromowa _2DBN |
|
| 650 | 7 | _aPiorun | |
| 650 | 7 | _aInstalacje elektryczne | |
| 655 | 7 | _aPodręcznik | |
| 658 | _aInżynieria i technika | ||
| 700 | 1 |
_aSamuła, Jan _eAutor |
|
| 700 | 1 |
_aStępniewski, Tadeusz _d(1913-1987) _eRecenzja |
|
| 710 | 2 |
_aWydawnictwa Naukowo-Techniczne _4pbl |
|
| 856 |
_uhttp://koha.tu.koszalin.pl/cgi-bin/koha/opac-detail.pl?biblionumber=22253 _yKatalog online BPK |
||
| 942 |
_2UKD _cKS |
||
| 999 |
_c22253 _d22253 |
||